000 00780nam a22001457a 4500
999 _c59594
_d59594
005 20230321103042.0
008 230321c2021 ge ||||| |||| 00| 0 geo d
022 _a1512-0481
245 _aსაქართველოს უზენაესი სასამართლოს გადაწყვეტილებანი /
_b სამოქალაქო საქმეებზე : [ყოველთვიური]. პირადი უფლებების დაცვა.
260 _aთბილისი,
_c2000-
300 _av.
653 _aსაქართველოს უზენაესი სასამართლოს გადაწყვეტილებანი
653 _aპერიოდიკა
942 _2udc
_cCR